000 00502nam a2200169 i 4500
001 76198
003 ES-MaACL
005 20230906172742.0
007 t|
008 040929s1971 sp ||||1| spa d
100 1 _aGudiol, José (
_d1904-1985)
_960392
245 1 0 _aDomenikos Theotokópoulos
_b: El Greco 1541-1614 /
_cpor José Gudiol.
260 _aBarcelona :
_bPolígrafa,
_c[1971]
300 _a376 p., 109 lám. ;
_c30 cm.
600 0 4 _aEl Greco.
_946893
852 _aES-MaACL
_jC-42580
_bR.81791
999 _c76198
_d76198